Story of rural development at etawah, Uttar Pradesh: Pilot project India (Record no. 358375)

MARC details
000 -LEADER
fixed length control field 004060000a22001330004500
082 ## - DEWEY DECIMAL CLASSIFICATION NUMBER
Classification number 307.7209542 MAY
Item number 2508
100 ## - MAIN ENTRY--PERSONAL NAME
Personal name Mayer, Albert
245 ## - TITLE STATEMENT
Title Story of rural development at etawah, Uttar Pradesh: Pilot project India
260 ## - PUBLICATION, DISTRIBUTION, ETC. (IMPRINT)
Place of publication, distribution, etc. Berkeley, University of California press
260 ## - PUBLICATION, DISTRIBUTION, ETC. (IMPRINT)
Date of publication, distribution, etc. 1958
300 ## - PHYSICAL DESCRIPTION
Extent 367
650 ## - SUBJECT ADDED ENTRY--TOPICAL TERM
Topical term or geographic name as entry element Rural development-India/ Social sciences- Community- India
942 ## - ADDED ENTRY ELEMENTS (KOHA)
Koha item type Books (General)
Holdings
Withdrawn status Lost status Damaged status Not for loan Collection code Home library Current library Shelving location Date acquired Total Checkouts Full call number Barcode Date last seen Price effective from Koha item type
        Malayalam College of Agriculture, Vellayani College of Agriculture, Vellayani   02/05/2014   307.7209542 MAY KAU_COAV-2509 02/05/2014 12/05/2022 Books (General)
        Malayalam College of Agriculture, Vellayani College of Agriculture, Vellayani   24/07/2019   307.7209542 MAY KAU_COAV-2508 24/07/2019 12/05/2022 Books (General)
Kerala Agricultural University Central Library
Thrissur-(Dt.), Kerala Pin:- 680656, India
Ph : (+91)(487) 2372219
E-mail: librarian@kau.in
Website: http://library.kau.in/